00372 2200157 4500001002100000008004100021035002000062245003200082100001700114250000600131260003300137084001400170082000800184650001000192990001200202INLIS000000000001540 ind  a0010-0125000038 aSetanggi TimurcAmir Hamzah aHamzah, Amir a1 aJakarta :bDian Rakyatc2004 a800 AMI s a800 aFiksi a0715289